TV Show Intros by Picture #1 - Statistics

General Stats
  • This quiz has been taken 944 times
  • The average score is 11 of 20
Answer Stats
Picture Answer % Correct
Friends
85%
Doctor Who
83%
The Simpsons
79%
Star Trek: The Next Generation
77%
M*A*S*H
75%
The Big Bang Theory
73%
Breaking Bad
70%
Pokémon
69%
Scooby-Doo, Where Are You!
67%
Game of Thrones
65%
Stranger Things
61%
Full House
57%
Cheers
45%
All in the Family
41%
The Andy Griffith Show
39%
The Mary Tyler Moore Show
38%
I Love Lucy
37%
The Sopranos
33%
Batman
25%
CSI: Miami
22%
No matching quizzes found
Score Distribution
Percent of People with Each Score
Percentile by Number Answered
Your Score History
You have not taken this quiz